रामकृष्ण परमहंस / (Record no. 117904)

MARC details
000 -LEADER
fixed length control field 01068nam a22002537a 4500
005 - DATE AND TIME OF LATEST TRANSACTION
control field 20170124103102.0
010 ## - LIBRARY OF CONGRESS CONTROL NUMBER
LC control number B-097039
020 ## - INTERNATIONAL STANDARD BOOK NUMBER
Terms of availability 30.00
International Standard Book Number 8176043923
035 ## - SYSTEM CONTROL NUMBER
System control number B-097039
037 ## - SOURCE OF ACQUISITION
Source of stock number/acquisition Cen Lib/Ret
040 ## - CATALOGING SOURCE
Original cataloging agency DPL
Language of cataloging HN
082 ## - DEWEY DECIMAL CLASSIFICATION NUMBER
Classification number 921
Item number वर्माजे
100 ## - MAIN ENTRY--PERSONAL NAME
Personal name वर्मा, जे.के.
9 (RLIN) 77415
245 ## - TITLE STATEMENT
Title रामकृष्ण परमहंस /
Statement of responsibility, etc जे.के.वर्मा
246 ## - VARYING FORM OF TITLE
Title proper/short title Ramkrishna Paramhans /
Remainder of title by J.K.Verma
260 ## - PUBLICATION, DISTRIBUTION, ETC. (IMPRINT)
Place of publication, distribution, etc दिल्ली
Name of publisher, distributor, etc राजा पॉकेट बुक्स
Date of publication, distribution, etc 2004
270 ## - ADDRESS
City दिल्ली
Address 330/1, मेन रोड, बुराड़ी
Postal code 110084
300 ## - PHYSICAL DESCRIPTION
Extent 107पृ.
Dimensions 21सेमी(सजिल्द)
650 ## - SUBJECT ADDED ENTRY--TOPICAL TERM
Topical term or geographic name as entry element हिन्दी -- साहित्य
9 (RLIN) 77416
650 ## - SUBJECT ADDED ENTRY--TOPICAL TERM
Topical term or geographic name as entry element हिन्दी -- जीवनी - रामकृष्ण परमहंस
9 (RLIN) 77417
650 ## - SUBJECT ADDED ENTRY--TOPICAL TERM
Topical term or geographic name as entry element Hindi literature
9 (RLIN) 77418
650 ## - SUBJECT ADDED ENTRY--TOPICAL TERM
Topical term or geographic name as entry element Hindi - Biography - Ramkrishna Paramhans
9 (RLIN) 77419
942 ## - ADDED ENTRY ELEMENTS (KOHA)
Source of classification or shelving scheme Dewey Decimal Classification
Koha item type Hindi Books
Classification part 921
Call number suffix वर्माजे
Holdings
Withdrawn status Lost status Damaged status Not for loan Home library Current library Date acquired Source of acquisition Cost, normal purchase price Total Checkouts Total Renewals Full call number Barcode Date last seen Date checked out Copy number Cost, replacement price Price effective from Koha item type
        Central Library Central Library 08/09/2015 Cen Lib/Ret 30.00 2 1 921 वर्माजे B-097039 05/11/2021 21/10/2021 1 30.00 08/09/2015 Hindi Books

© Delhi Public Library
Hit Counter
free hit counter